| 000 | 00588nam a22001937a 4500 | ||
|---|---|---|---|
| 003 | CEME | ||
| 005 | 20210628202649.0 | ||
| 008 | 210118b xxu||||| |||| 00| 0 eng d | ||
| 020 | _a1-58488-460-6 | ||
| 040 | _c. | ||
| 082 | _a511.8 BAS | ||
| 100 |
_aBasmadjian, Diran, Farnood, Ramin _960965 |
||
| 245 | _aThe art of modeling in science and engineering with mathematica | ||
| 250 | _a2ND | ||
| 260 |
_aNEW YORK _bCHAPMAN AND HALL _c2007 |
||
| 300 | _a509 P | ||
| 650 |
_aMATHEMATICAL MODELS. SCIENCE-MATHEMATICAL MODELS. ENGINEERING-MATHEMATICAL MODELS. _960966 |
||
| 942 |
_cBK _2ddc |
||
| 999 |
_c570556 _d570556 |
||